MARC

LEADER 00000nam0a2200000 4500
001 304245
005 20231101010425.0
035 |a (RuTPU)RU\TPU\book\329480 
090 |a 304245 
100 |a 20150911d1982 k y0rusy50 ca 
101 0 |a rus 
102 |a RU 
105 |a a z 001zy 
200 1 |a Исследование и практика заводского производства железобетона  |e сборник научных трудов  |f Научно-исследовательский институт бетона и железобетона (НИИЖБ) ; под ред. Б. В. Гусева, И. Ф. Руденко 
210 |a Москва  |c Изд-во НИИЖБ  |d 1982 
215 |a 161 с.  |c ил. 
320 |a Библиогр. в конце ст. 
606 1 |a Железобетонные конструкции  |x Производство  |2 stltpush  |3 (RuTPU)RU\TPU\subj\35601 
610 1 |a железобетон 
610 1 |a производство 
610 1 |a перемешивание 
610 1 |a интенсификация 
610 1 |a тепловая обработка 
610 1 |a уплотнение 
610 1 |a управление качеством 
610 1 |a технологические схемы 
675 |a 666.982  |v 4 
702 1 |a Гусев  |b Б. В.  |4 340 
702 1 |a Руденко  |b И. Ф.  |4 340 
712 0 2 |a Научно-исследовательский институт бетона и железобетона (НИИЖБ)  |2 stltpush  |3 (RuTPU)RU\TPU\col\20214 
801 1 |a RU  |b 63413507  |c 20150911 
801 2 |a RU  |b 63413507  |c 20190425  |g RCR 
942 |c BK